00601nam a2200181 a 450000500170000001000130001702000260003003500130005603700270006908200140009610000240011024501050013426000460023927000640028530000260034950000410037570000030041620110803141539.0 aB-440976 c625.00a9780195672145 aB-440976 bResearchco Book Centre a324.609541 aMcMillan, Alistair 10aStanding at the margins:cby Alistair McMillan brepresentation and electoral reservation in India / aNew Delhi bOxford University Pressc2005 aYMCA Library Building, Jai Singh Road, bNew Delhi e1100011 axii, 340p.c24cm (Hb) aIncludes bibliographical references